[Event "Olympiad-44"]
[Site "Chennai"]
[Date "2022.08.09"]
[Round "11.1"]
[White "Barcon, Harmon"]
[Black "Roose, Alexander"]
[Result "1-0"]
[WhiteElo "1902"]
[BlackElo "1888"]
[PlyCount "71"]
[EventDate "2022.07.29"]
[EventType "team-swiss"]
[EventRounds "11"]
[EventCountry "IND"]
[SourceTitle "CBM 210"]
[Source "ChessBase"]
[SourceDate "2022.10.31"]
[SourceVersion "1"]
[SourceVersionDate "2022.10.31"]
[SourceQuality "1"]
[WhiteTeam "Liberia"]
[BlackTeam "Netherlands Antilles"]
[WhiteTeamCountry "LBR"]
[BlackTeamCountry "AHO"]

1. e4 c5 2. Nf3 Nc6 3. d4 cxd4 4. Nxd4 e5 5. Nf3 Nf6 6. Bd3 d5 7. exd5 Qxd5 8. 0-0 Bg4 9. Nc3 Bxf3 10. Nxd5 Bxd1 11. Nc7+ Kd8 12. Nxa8 Bg4 13. Be3 Kc8 14. f3 Be6 15. a4 Kb8 16. Nb6 axb6 17. Bxb6 Nd7 18. Bf2 Bc5 19. a5 Bxf2+ 20. Rxf2 Nc5 21. Bf1 Rd8 22. h3 Ka7 23. Rb1 Rd4 24. c3 Rd8 25. b4 Nd3 26. Rd2 Nf4 27. Rxd8 Nxd8 28. b5 Bf5 29. Rd1 Nde6 30. Rd7 Kb8 31. Rxf7 Bg6 32. Re7 Nc5 33. Rxg7 Nb3 34. b6 Kc8 35. a6 bxa6 36. Bxa6+ 1-0

[Event "Olympiad-44"]
[Site "Chennai"]
[Date "2022.08.07"]
[Round "9.1"]
[White "Jimma, Desalegu Fekadu"]
[Black "Barcon, Harmon"]
[Result "0-1"]
[WhiteElo "2112"]
[BlackElo "1902"]
[PlyCount "100"]
[EventDate "2022.07.29"]
[EventType "team-swiss"]
[EventRounds "11"]
[EventCountry "IND"]
[SourceTitle "CBM 210"]
[Source "ChessBase"]
[SourceDate "2022.10.31"]
[SourceVersion "1"]
[SourceVersionDate "2022.10.31"]
[SourceQuality "1"]
[WhiteTeam "Ethiopia"]
[BlackTeam "Liberia"]
[WhiteTeamCountry "ETH"]
[BlackTeamCountry "LBR"]

1. d4 Nf6 2. c4 e6 3. Nc3 d5 4. Nf3 c6 5. e3 Be7 6. Be2 Nbd7 7. 0-0 0-0 8. Qc2 Re8 9. e4 dxe4 10. Nxe4 Nxe4 11. Qxe4 Nf6 12. Qc2 Qc7 13. Bg5 c5 14. Rfd1 cxd4 15. Nxd4 Bd7 16. Rac1 a6 17. Bh4 Rad8 18. Bg3 Qa5 19. Bf3 e5 20. Nb3 Qc7 21. Re1 Bb4 22. Re2 g6 23. Re3 Ba4 24. Qe2 Bxb3 25. Rxb3 Qa5 26. a3 Bd2 27. Rd1 e4 28. Bg4 Nxg4 29. Qxg4 f5 30. Qe2 f4 31. Bh4 Rd7 32. Bf6 e3 33. fxe3 fxe3 34. Bh4 Qc5 35. h3 Re4 36. Be1 Qxc4 37. Qxc4+ Rxc4 38. Kf1 Rf7+ 39. Ke2 Bxe1 40. Rxe1 Rc2+ 41. Kd3 Rd2+ 42. Kxe3 Rxg2 43. Kd4 Rg5 44. Re5 Rd7+ 45. Ke4 Rg1 46. Re3 Rf1 47. b4 Kf7 48. Re2 Kf6 49. Re3 g5 50. Re8 Rf4# 0-1

[Event "Africa-ch Amateur U2300"]
[Site "Freetown"]
[Date "2019.09.06"]
[Round "4.2"]
[White "Barcon, Harmon"]
[Black "Atif Mahgoub, Elhassan"]
[Result "1-0"]
[WhiteElo "1959"]
[BlackElo "1920"]
[PlyCount "89"]
[EventDate "2019.09.04"]
[EventType "tourn"]
[EventRounds "9"]
[EventCountry "SIE"]
[SourceTitle "EXT 2024"]
[Source "ChessBase"]
[SourceDate "2023.10.10"]
[SourceVersion "1"]
[SourceVersionDate "2023.10.10"]
[SourceQuality "1"]

1. e4 d6 2. Nf3 Nf6 3. c3 c6 4. d3 e5 5. Be2 Bg4 6. h3 Bh5 7. 0-0 Be7 8. Nbd2 0-0 9. Re1 Nbd7 10. Nf1 Qc7 11. Ng3 Bg6 12. Bf1 d5 13. Nh4 dxe4 14. Nxg6 hxg6 15. dxe4 Nc5 16. Qc2 b5 17. Be3 a5 18. b3 a4 19. b4 Ne6 20. a3 Rab8 21. c4 Qb7 22. Rab1 Nd7 23. Red1 Bf6 24. cxb5 cxb5 25. Rd5 Rfc8 26. Qd1 Nd4 27. Bxd4 exd4 28. Rxb5 Qc6 29. Rxb8 Nxb8 30. Bd3 Qc3 31. Ra1 Nd7 32. Ne2 Qb2 33. f4 g5 34. e5 Bd8 35. Bf5 Bb6 36. Kh2 Rd8 37. e6 Nf6 38. exf7+ Kxf7 39. Bd3 gxf4 40. Bc4+ Kf8 41. Ra2 Qxa2 42. Bxa2 d3 43. Nxf4 d2 44. Ng6+ Ke8 45. Qe2+ 1-0

[Event "Africa-ch Amateur U2300"]
[Site "Freetown"]
[Date "2019.09.05"]
[Round "3.4"]
[White "Oragwu, Chukwunonso"]
[Black "Barcon, Harmon"]
[Result "1-0"]
[WhiteElo "2199"]
[BlackElo "1959"]
[PlyCount "67"]
[EventDate "2019.09.04"]
[EventType "tourn"]
[EventRounds "9"]
[EventCountry "SIE"]
[SourceTitle "EXT 2024"]
[Source "ChessBase"]
[SourceDate "2023.10.10"]
[SourceVersion "1"]
[SourceVersionDate "2023.10.10"]
[SourceQuality "1"]

1. e4 c5 2. Nf3 e6 3. d4 cxd4 4. Nxd4 Nc6 5. Nxc6 bxc6 6. Bd3 Bc5 7. 0-0 d6 8. Nd2 h6 9. Nc4 Ne7 10. c3 a5 11. Qf3 e5 12. Rd1 0-0 13. Bc2 Ng6 14. Be3 Bxe3 15. fxe3 Ba6 16. Nxd6 Qb6 17. Bb3 Ra7 18. Rd2 Nf4 19. Rad1 a4 20. Bc4 Ne6 21. Qg3 Qc5 22. b4 axb3 23. Bxb3 Kh7 24. Qf2 Kg8 25. h4 Rc7 26. Qg3 Kh7 27. Kh2 Bc8 28. Nxc8 Rfxc8 29. Rd7 Nf8 30. Rxf7 Rxf7 31. Bxf7 Rc7 32. Bb3 Qxc3 33. Rd8 Qc5 34. Qf2 1-0

[Event "Africa-ch Amateur U2300"]
[Site "Freetown"]
[Date "2019.09.04"]
[Round "1.3"]
[White "James, Tondo"]
[Black "Barcon, Harmon"]
[Result "1-0"]
[WhiteElo "1923"]
[BlackElo "1959"]
[PlyCount "141"]
[EventDate "2019.09.04"]
[EventType "tourn"]
[EventRounds "9"]
[EventCountry "SIE"]
[SourceTitle "EXT 2024"]
[Source "ChessBase"]
[SourceDate "2023.10.10"]
[SourceVersion "1"]
[SourceVersionDate "2023.10.10"]
[SourceQuality "1"]

1. d4 d5 2. c4 c6 3. Bf4 Nf6 4. e3 Bf5 5. Nc3 a6 6. Nf3 h6 7. cxd5 cxd5 8. Qb3 Nc6 9. Qxb7 Na5 10. Qc7 Qxc7 11. Bxc7 Nc4 12. Bxc4 dxc4 13. 0-0 Rc8 14. Be5 e6 15. Rfc1 Nd5 16. a3 f6 17. Bg3 Bd3 18. Ne1 Bg6 19. Kf1 Kd7 20. Ke2 Be7 21. f3 f5 22. Be5 Rhg8 23. g3 Bh5 24. Kf2 Bg6 25. Ng2 Bf7 26. Rc2 Rc6 27. Rac1 g5 28. Na4 Rgc8 29. e4 fxe4 30. fxe4 Nb6 31. Nc3 Ke8 32. Ne3 h5 33. Kg2 Nd7 34. d5 exd5 35. exd5 Bxd5+ 36. Nexd5 Nxe5 37. Nxe7 Kxe7 38. Re1 Re6 39. Rce2 Kf6 40. Nd5+ Kf5 41. Rf1+ Kg6 42. Rfe1 Kf5 43. g4+ hxg4 44. Ne3+ Kf4 45. Rf2+ Ke4 46. Nxc4+ Kd5 47. Rxe5+ Rxe5 48. Nb6+ Ke6 49. Nxc8 Re3 50. Nb6 Rb3 51. Nc4 Rd3 52. Re2+ Kf5 53. Re3 Rd5 54. Re5+ Rxe5 55. Nxe5 Kxe5 56. Kg3 Kd4 57. Kxg4 Kc4 58. Kxg5 Kb3 59. h4 Kxb2 60. h5 Kxa3 61. h6 a5 62. h7 a4 63. h8Q Ka2 64. Kf4 a3 65. Ke3 Kb1 66. Qb8+ Ka1 67. Kd3 a2 68. Qh8+ Kb1 69. Qh1+ Kb2 70. Qh2+ Kb1 71. Kc3 1-0

[Event "Olympiad-43"]
[Site "Batumi"]
[Date "2018.10.03"]
[Round "9.1"]
[White "Wazwaz, Amjad"]
[Black "Barcon, Harmon"]
[Result "0-1"]
[WhiteElo "1986"]
[BlackElo "1896"]
[PlyCount "80"]
[EventDate "2018.09.24"]
[EventType "team-swiss"]
[EventRounds "11"]
[EventCountry "GEO"]
[SourceTitle "CBM 187"]
[Source "ChessBase"]
[SourceDate "2018.12.11"]
[SourceVersion "1"]
[SourceVersionDate "2018.12.11"]
[SourceQuality "1"]
[WhiteTeam "Palestine"]
[BlackTeam "Liberia"]
[WhiteTeamCountry "PLE"]
[BlackTeamCountry "LBR"]

1. d4 d5 2. c4 e6 3. Nf3 Nf6 4. g3 Be7 5. Bg2 c6 6. 0-0 0-0 7. Nc3 a5 8. Re1 Nbd7 9. cxd5 cxd5 10. e4 dxe4 11. Ng5 Nd5 12. Ncxe4 h6 13. Nh3 N7f6 14. Bd2 Bd7 15. Rc1 Bc6 16. Nc5 Rc8 17. a3 Re8 18. Nd3 Qb6 19. Qe2 Qxd4 20. Bxa5 Bb5 21. Rcd1 Qa4 22. Bc3 Rxc3 23. bxc3 Nxc3 24. Qd2 Nxd1 25. Qxd1 Qxa3 26. Ne5 Ba6 27. Nf4 Qb2 28. Nh5 Rd8 29. Qf3 Rd5 30. Nxf6+ Bxf6 31. Ng4 Bc3 32. Qe3 Bxe1 33. Bxd5 Qa1 34. Kg2 Bf1+ 35. Kg1 Bd2 36. Qe5 Qb1 37. Ba2 Qc1 38. Nxh6+ Bxh6 39. h4 Bc4+ 40. Kh2 Bxa2 0-1

[Event "Olympiad-43"]
[Site "Batumi"]
[Date "2018.09.27"]
[Round "4.85"]
[White "Montel, Cyril Tomas Jr"]
[Black "Barcon, Harmon"]
[Result "0-1"]
[WhiteElo "1882"]
[BlackElo "1896"]
[PlyCount "100"]
[EventDate "2018.09.24"]
[EventType "team-swiss"]
[EventRounds "11"]
[EventCountry "GEO"]
[SourceTitle "CBM 187"]
[Source "ChessBase"]
[SourceDate "2018.12.11"]
[SourceVersion "1"]
[SourceVersionDate "2018.12.11"]
[SourceQuality "1"]
[WhiteTeam "Palau"]
[BlackTeam "Liberia"]
[WhiteTeamCountry "PAL"]
[BlackTeamCountry "LBR"]

1. d4 d5 2. c4 e6 3. Nc3 Nf6 4. Bg5 Be7 5. e3 0-0 6. Bd3 Nbd7 7. Nge2 Re8 8. 0-0 Nf8 9. Qc2 c6 10. Rad1 Qa5 11. c5 N6d7 12. Bxe7 Rxe7 13. f4 f6 14. Rf3 e5 15. fxe5 fxe5 16. Bf5 e4 17. Rf4 Nf6 18. Rdf1 Qc7 19. Ng3 Ne6 20. Bxe6+ Bxe6 21. Nf5 Bxf5 22. Rxf5 Ng4 23. g3 Nxe3 24. Qf2 Nxf1 25. Kxf1 Rf7 26. Ke1 Raf8 27. Rxf7 Qxf7 28. Qxf7+ Rxf7 29. Nd1 Rf3 30. Ke2 b6 31. cxb6 axb6 32. Ne3 h5 33. b4 Rf7 34. b5 cxb5 35. Nxd5 Rd7 36. Nxb6 Rxd4 37. Ke3 Rd6 38. Nc8 Ra6 39. Kxe4 Rxa2 40. Nd6 b4 41. h4 b3 42. Kd3 Rc2 43. Nb5 Rg2 44. Na3 Rxg3+ 45. Kd2 b2 46. Nb1 Rg4 47. Kc2 Rxh4 48. Kxb2 Rb4+ 49. Kc2 Rxb1 50. Kxb1 h4 0-1

[Event "Olympiad-43"]
[Site "Batumi"]
[Date "2018.09.26"]
[Round "3.78"]
[White "Barcon, Harmon"]
[Black "Black, Richard"]
[Result "1-0"]
[WhiteElo "1896"]
[BlackElo "2218"]
[PlyCount "135"]
[EventDate "2018.09.24"]
[EventType "team-swiss"]
[EventRounds "11"]
[EventCountry "GEO"]
[SourceTitle "CBM 187"]
[Source "ChessBase"]
[SourceDate "2018.12.11"]
[SourceVersion "1"]
[SourceVersionDate "2018.12.11"]
[SourceQuality "1"]
[WhiteTeam "Liberia"]
[BlackTeam "Bermuda"]
[WhiteTeamCountry "LBR"]
[BlackTeamCountry "BER"]

1. e4 d6 2. Nf3 Nf6 3. c3 c6 4. Bd3 Bg4 5. Bc2 e6 6. d4 Be7 7. Be3 0-0 8. Nbd2 d5 9. h3 Bh5 10. e5 Nfd7 11. 0-0 c5 12. Re1 Nc6 13. Nf1 cxd4 14. cxd4 Rc8 15. a3 Nb6 16. b3 Qc7 17. Bd3 Na5 18. Bd2 Nc6 19. Be3 Bg6 20. Bxg6 fxg6 21. Qd2 a5 22. Rec1 a4 23. bxa4 Nc4 24. Qd3 N6a5 25. Bd2 Nc6 26. Ne3 Nxd2 27. Qxd2 Ra8 28. Nd1 Rxa4 29. Nc3 Rc4 30. Nb5 Rxc1+ 31. Rxc1 Qb6 32. Rb1 Ra8 33. Qd3 Qa6 34. Qe3 Qb6 35. Qc1 Qd8 36. Ne1 Rc8 37. Qd1 Na5 38. Qg4 Qd7 39. Nd3 Nc4 40. a4 g5 41. Qd1 Ra8 42. Qc2 Qd8 43. Nb2 Na5 44. Rc1 Nc6 45. Nd3 Qb6 46. Qb3 Na5 47. Qd1 Nc6 48. Nc5 Bxc5 49. Rxc5 h6 50. Qc2 Qa5 51. Nd6 Qxa4 52. Qg6 Qa1+ 53. Kh2 Qxd4 54. Qxe6+ Kh7 55. Qf5+ Kg8 56. Qf7+ Kh8 57. Rxd5 Qf4+ 58. Qxf4 gxf4 59. Nxb7 Re8 60. Nd6 Re7 61. h4 Kg8 62. Nc4 Kf7 63. Kh3 Nb4 64. Rd4 Nc6 65. Rxf4+ Ke6 66. Re4 Kd5 67. f3 Nxe5 68. Nxe5 1-0